The Wilds Characters - Statistics

General Stats
  • This quiz has been taken 12 times
  • The average score is 13 of 20
Answer Stats
Answer % Correct
Dot Campbell
100%
Fatin Jadmani
88%
Martha Blackburn
88%
Nora Reid
88%
Rachel Reid
88%
Shelby Goodkind
88%
Toni Shalifoe
88%
Gretchen Klein
75%
Kirin O'Conner
75%
Leah Rilke
75%
Rafael Garcia
75%
Josh Herbert
63%
Seth Novak
63%
Henry Tanaka
50%
Jeanette Dao
50%
Bo Leonard
25%
Daniel Faber
25%
Dean Young
25%
Ivan Taylor
25%
Scotty Simms
25%
No matching quizzes found
Score Distribution
Percent of People with Each Score
Percentile by Number Answered
Your Score History
You have not taken this quiz